Штаты по обслуживанию 4-й сессии ЦИК СССР 7-го созыва

Доступно только в Электронных читальных залах Найти на картеНа карте
RUSMARC
00004174nmc2a22002773x 450
0015cd16850-a6aa-4d86-bbc6-8475e237ceeb
00520210719231045.0
100##$a20210612l1937 k y0rusy50 ca
1010#$arus
102##$aRU
105##$aa z |||||
1220#$ad19371231
2001#$aШтаты по обслуживанию 4-й сессии ЦИК СССР 7-го созыва
$j1937
215##$a26 листов
$cтабл.
251##$cДело
300##$aЗаголовок дела на папке: Штаты по обслуживанию 4 Сессии ЦИК Союза ССР 7 созыва
300##$aМашинописный и рукописный текст
330##$aВходит в раздел описи: VII-й Съезд Советов. 4-я Сессия ЦИК СССР
461#0$1001796d4672-8a00-4986-b488-6e42273792cc
$12001
$aЦЕНТРАЛЬНЫЙ ИСПОЛНИТЕЛЬНЫЙ КОМИТЕТ СССР (ЦИК СССР)
$1251
$cФонд
$1852
$j3316
$gР
462#0$10012246e4af-064a-4b66-b386-cae0ddb7fb2d
$12001
$aДела 7-го Съезда Советов и 1-й, 2-й, 3-й, 4-й Сессий 7-го созыва. 1935-1937 гг.
$vД. 222
$1251
$cОпись
$1852
$j7
5171#$aШтаты по обслуживанию 4 Сессии ЦИК Союза ССР 7 созыва
60101$3RU\NLR\AUTH\880357276
$aСССР
$bЦИК
60102$3RU\NLR\AUTH\880399378
$aСССР
$bЦИК
$bСозыв
$c7
$bСессия
$d4
801#0$aRU
$bGA_RF
801#1$aRU
$bГлавНИВЦ
$c20210612
$2rusmarc
801#2$aRU
$bПБ им. Б.Н. Ельцина
$c20210719
$gRCR
$2rusmarc
852##$aГА РФ
$j222
937##$d166432338
$hГАРФ
035##$aRuPRLIB51060674
856##$uhttp://readingroom.main.prlib.ru/item.aspx?id_node=n166432338&mode=full
Формат отображения